000 00573nam a2200241Ia 4500
003 OSt
005 20220912145721.0
006 a|||||r|||| 00| 0
007 ta
008 220909b |||||||| |||| 00| 0 eng d
024 _a74256
037 _cTextbook
040 _aCSL
_beng
_cCSL
041 _aeng
082 _aI:72, 113J0 CS
100 _aStraub Joseph
245 0 _aWege zur polyploidie
260 _c1950
300 _ap.
_ccm.
650 _aBotany
942 _hI:72, 113J0 CS
_cTB
_2CC
999 _c36953
_d36953